Największe miasta w województwie lubelskim - Statystyki

Ogólne statystyki
  • Ten quiz został rozwiązany 613 razy
  • Średni wynik to 13 z 20
Statystyki odpowiedzi
Lp Populacja Odpowiedź % Poprawnych
1 339 682 Lublin
100%
3 62 670 Chełm
93%
2 63 813 Zamość
93%
4 57 352 Biała Podlaska
86%
5 47 774 Puławy
82%
6 39 312 Świdnik
75%
7 34 539 Kraśnik
69%
9 26 391 Biłgoraj
67%
14 17 735 Hrubieszów
63%
13 18 778 Krasnystaw
63%
10 21 995 Lubartów
63%
8 30 025 Łuków
60%
12 19 006 Łęczna
59%
11 19 198 Tomaszów Lubelski
58%
19 11 940 Janów Lubelski
55%
18 13 220 Włodawa
54%
17 15 731 Radzyń Podlaski
53%
16 16 149 Dęblin
46%
20 10 650 Parczew
42%
15 16 796 Międzyrzec Podlaski
34%
Nie znaleziono quizów pasujących do podanych kryteriów
Rozkład punktacji
Procent ludzi z każdym wynikiem
Percentyl według liczby udzielonych odpowiedzi
Twoja historia wyników
Nie rozwiązałeś tego quizu